| 000 | 00592nam a22001937a 4500 | ||
|---|---|---|---|
| 999 |
_c181564 _d181564 |
||
| 005 | 20210923150914.0 | ||
| 010 | _aENG-129956 | ||
| 020 |
_a9789353887469 _c450.00 |
||
| 035 | _a EN-113488 | ||
| 037 | _bDBAD/PUB | ||
| 082 | _a657 | ||
| 100 | _aShette,Rachappa | ||
| 245 |
_aAccounting simplified: _cby Rachappa Shette |
||
| 260 |
_bSage _aIndia _c2021 |
||
| 270 |
_bNew Delhi _e110044 _aB1/1-1,Mohan Cooperative industrial Area Mathura road Post Bag 7 |
||
| 300 |
_axvii,205p. _c25cm(pbk) |
||
| 500 | _aseries editor Debashis Chatterjee | ||
| 942 |
_2ddc _cEN _h657 _mSHE |
||